Complicaciones en cirugía general / (Registro nro. 23089)

Detalles MARC
000 -LEADER
fixed length control field 01992nam a2200337 4500
001 - CONTROL NUMBER
control field 0000023718
003 - CONTROL NUMBER IDENTIFIER
control field CO-CtgCURN
005 - DATE AND TIME OF LATEST TRANSACTION
control field 20250520170407.0
007 - PHYSICAL DESCRIPTION FIXED FIELD--GENERAL INFORMATION
fixed length control field ta
008 - FIXED-LENGTH DATA ELEMENTS--GENERAL INFORMATION
fixed length control field 160627s2011 000 0 eng d
020 ## - INTERNATIONAL STANDARD BOOK NUMBER
International Standard Book Number 9789562203289
040 ## - CATALOGING SOURCE
Original cataloging agency CO-CtgCURN
Language of cataloging spa
Transcribing agency coctgcurn
082 0# - DEWEY DECIMAL CLASSIFICATION NUMBER
Classification number 617
Item number E77
100 1# - MAIN ENTRY--PERSONAL NAME
Personal name Espinoza, G. Ricardo.
245 10 - TITLE STATEMENT
Title Complicaciones en cirugía general /
Statement of responsibility, etc. Ricardo Espinoza G.
260 ## - PUBLICATION, DISTRIBUTION, ETC.
Place of publication, distribution, etc. Santiago de Chile :
Name of publisher, distributor, etc. Mediterraneo,
Date of publication, distribution, etc. 2011.
300 ## - PHYSICAL DESCRIPTION
Extent xi, 374 p.
336 ## - CONTENT TYPE
Source rdacontent
337 ## - MEDIA TYPE
Source rdamedia
Media type term sin mediacion
Media type code n
338 ## - CARRIER TYPE
Source rdacarrier
Carrier type term volumen
Carrier type code nc
504 ## - BIBLIOGRAPHY, ETC. NOTE
Bibliography, etc. note Incluye bibliografia e indice.
505 8# - FORMATTED CONTENTS NOTE
Formatted contents note Morbi-mortalidad quirurgica -- Evaluacion anestesiologica del riesgo perioperatorio -- Complicaciones cardiovasculares en cirugia no cardiaca y evaluacion perioperatoria -- Trastornos hidroelectroliticos y acido base en cirugia -- Complicaciones infecciosas postcirugia general y digestiva -- Trombosis venosa profunda y embolia pulmonar postoperatoria -- Rol de la radiología e imagenología en las complicaciones de la cirugia abdominal -- Complicaciones de cirugia esofagica -- Complicaciones en cirugia bariatrica -- Complicaciones en cirugia biliar -- Complicaciones posresecciones del pancreas -- Complicaciones de las exploraciones retroperitoneales -- Complicaciones de la esplenectomia -- Complicaciones en cirugia colonica -- Complicaciones postapendicectoiia -- Complicaciones de la cirugia ano rectal -- Complicaciones en la cirugia de las paredes abdominales -- Psiquiatria y cirugia
650 14 - SUBJECT ADDED ENTRY--TOPICAL TERM
Topical term or geographic name entry element Cirugia
Form subdivision Complicaciones.
908 ## - PUT COMMAND PARAMETER (RLIN)
Put command parameter 160627
942 ## - ADDED ENTRY ELEMENTS (KOHA)
Koha item type Libros
Classification part 617
Item part E77
Source of classification or shelving scheme Dewey Decimal Classification
Suppress in OPAC No
Existencias
Withdrawn status Lost status Source of classification or shelving scheme Damaged status Not for loan Collection Home library Current library Shelving location Date acquired Inventory number Total checkouts Full call number Barcode Date last seen Copy number Price effective from Koha item type Public note
    Dewey Decimal Classification     General Miguel Henríquez Emiliani Miguel Henríquez Emiliani General 03/31/2025 016900   617 E77 016900 03/31/2025 ej.1 03/31/2025 Libros 610-CIENME
    Dewey Decimal Classification     General Miguel Henríquez Emiliani Miguel Henríquez Emiliani General 03/31/2025 016901   617 E77 016901 03/31/2025 ej.2 03/31/2025 Libros 610-CIENME
    Dewey Decimal Classification     General Miguel Henríquez Emiliani Miguel Henríquez Emiliani General 03/31/2025 016902   617 E77 016902 03/31/2025 ej.3 03/31/2025 Libros 610-CIENME
    Dewey Decimal Classification     General Miguel Henríquez Emiliani Miguel Henríquez Emiliani General 03/31/2025 016903   617 E77 016903 03/31/2025 ej.4 03/31/2025 Libros 610-CIENME
    Dewey Decimal Classification     General Miguel Henríquez Emiliani Miguel Henríquez Emiliani General 03/31/2025 016904   617 E77 016904 03/31/2025 ej.5 03/31/2025 Libros 610-CIENME